000 01208nac a22003131i 4500
003 EG-ScBUE
005 20250707092008.0
008 250625s2000 enka f 001 0 eng d
020 _a0748408339 (alk. paper)
020 _a9780748408337
040 _aEG-ScBUE
_beng
_erda
_cEG-ScBUE
_dEG-ScBUE
082 0 4 _a540
_bSUT
_222
100 1 _aSutton, Raul,
_eauthor.
245 1 0 _aChemistry for the life sciences /
_cRaul Sutton, School of Applied Sciences, University of Wolverhampton, UK, Bernard Rockett, Wolverhampton Grammar School, UK, Peter Swindells, School of Applied Sciences, University of Wolverhampton, UK.
264 1 _aLondon :
_bTaylor & Francis,
_c2000.
300 _axi, 208 pages :
_billustrations ;
_c25 cm.
336 _2rdacontent
_atext
_btxt
337 _aunmediated
_2rdamedia
_bn
338 _avolume
_bnc
_2rdacarrier
490 0 _aLifelines
500 _aIncludes index.
500 _aIncludes appendix.
650 7 _aChemistry.
_2BUEsh
655 _vReading book
700 1 _aRockett, Bernard W.,
_eauthor.
700 1 _aSwindells, Peter,
_d1948-
_eauthor.
856 4 2 _3Publisher description
_uhttp://www.loc.gov/catdir/enhancements/fy0646/99031650-d.html
942 _cBB
_2ddc
999 _c2598
_d2598